El valor de la vida humana /
El autor aborda el estudio del valor jurídico de la vida humana desde el aporte del derecho público y privado argentino, así como del derecho comparado. Destaca las soluciones que éstos proponen ante un menoscabo patrimonial o moral que sufra la persona. Al final de la obra en un sólo capítulo se pl...
Kaydedildi:
| Yazar: | |
|---|---|
| Diğer Yazarlar: | |
| Materyal Türü: | Kitap |
| Dil: | İspanyolca |
| Konular: | |
| Etiketler: |
Etiket eklenmemiş, İlk siz ekleyin!
|
MARC
| LEADER | 00000nam^a2200000^a^4500 | ||
|---|---|---|---|
| 001 | 000157660 | ||
| 005 | 20250521000000.0 | ||
| 009 | 20260310100546.185 | ||
| 020 | |a 950-727-394-8 | ||
| 037 | |a Acervo ITESO - Biblioteca | ||
| 041 | |a ESP | ||
| 082 | |a 346. 8201 |b MOS | ||
| 100 | |a Mosset Iturraspe, Jorge |e (autor) | ||
| 245 | 1 | 3 | |a El valor de la vida humana / |c J. Mosset Iturraspe. |
| 264 | |a Buenos Aires, Argentina : |b Rubinzal-Culzoni, |c 2002 | ||
| 300 | |a 379 p. | ||
| 336 | |a texto |b txt |2 rdacontenido | ||
| 337 | |a sin mediación |b n |2 rdamedio | ||
| 338 | |a volumen |b nc |2 rdasoporte | ||
| 520 | |a El autor aborda el estudio del valor jurídico de la vida humana desde el aporte del derecho público y privado argentino, así como del derecho comparado. Destaca las soluciones que éstos proponen ante un menoscabo patrimonial o moral que sufra la persona. Al final de la obra en un sólo capítulo se plantea la valoración de la vida desde el derecho laboral. | ||
| 649 | |a XX | ||
| 650 | |a Vida - |x Aspectos Jurídicos | ||
| 650 | |a Etica Jurídica | ||
| 650 | |a Indemnización Laboral | ||
| 650 | |a Daños y Perjuicios | ||
| 650 | |a Responsabilidad (Derecho) - |z Argentina | ||
| 650 | |a Derecho de Crédito o de las Obligaciones - |z Argentina | ||
| 650 | |a Seguridad Social - |z Argentina | ||
| 650 | |a Derecho Laboral - |z Argentina | ||
| 650 | |a Derecho de Familia - |z Argentina | ||
| 650 | |a Derecho Civil - |z Argentina | ||
| 650 | |a Derecho Privado - |z Argentina | ||
| 650 | |a Derecho Público - |z Argentina | ||
| 650 | |a Derecho Positivo - |z Argentina | ||
| 650 | |a Derecho Comparado | ||
| 740 | 3 | |a El valor de la vida humana en el derecho del trabajo / |c M.E. Ackcerman. | |
| 700 | |a Ackerman, Mario E. |e (autor) | ||
| 910 | |a Fondo General | ||
| 920 | |a Impresos - Libros | ||
| 930 | |a Colección General | ||
| 905 | |a 101 | ||
| 901 | |a 0500087453 |b IT1 |c ACC |u 20250521 | ||
| 902 | |a https://opac.biblio.iteso.mx/vufind/Record/000157660 | ||